01253nab a22002417a 4500999001500000003000400015005001700019008004100036040000700077100003600084245016500120260007200285300001300357500003800370505017400408505009500582505008900677650002600766650002600792650003600818773014400854942001300998 c5712d5712OSt20251230234853.0190605e xxu||||| |||| 00| 0 spa d cPJ 95562aBilvao Aranda, Facundo M.10aReforma Laboral por la Ley de Bases : bante sentencias discordantes en todo el país, la Corte Suprema dio sus primeras señales /cFacundo M. Bilvao Aranda. aCiudad Autónoma de Buenos Aires :bThomson Reuters La Ley,c2024. ap. 67-69 aCita: TR LALEY AR/DOC/2104/2024  aSumario: I. Introducción.— II. El caso.— III. La decisión de la Corte.— IV. Con pocas palabras, la Corte dijo mucho.— V. Aún queda mucha tela para cortar.  tFallo comentado: CS ~ 13/08/2024 ~ Domínguez, Yanina Vanesa c. Muresco S.A. s/ despido. t¿Te interesa el texto completo? Solicitalo al correo: koha@justierradelfuego.gov.ar 091316aDERECHO LABORAL 091391aREFORMA LABORAL 09699aFALLOS DE LA CORTE SUPREMA0 0271193168dCiudad Autónoma de Buenos Aires : Thomson Reuters La Ley, 1999-2002.tRevista de derecho del trabajo. Nº 5 - Septiembre 2024 2udccANA